Cricket fever : (Record no. 553619)
[ view plain ]
| 000 -LEADER | |
|---|---|
| fixed length control field | 00582cam a2200169 a 4500 |
| 020 ## - INTERNATIONAL STANDARD BOOK NUMBER | |
| International Standard Book Number | 9789698893033 |
| 082 ## - DEWEY DECIMAL CLASSIFICATION NUMBER | |
| Classification number | 796.358092 |
| Author Mark | KHA |
| 100 1# - MAIN ENTRY--PERSONAL NAME | |
| Personal name | Mahmood, Syed Khalid. |
| 9 (RLIN) | 7384 |
| 245 10 - TITLE STATEMENT | |
| Title | Cricket fever : |
| Remainder of title | a history of Pakistan-India tours / |
| Statement of responsibility, etc. | Syed Khalid Mahmood ;foreword by Mushtaq Mohammad. |
| 250 ## - EDITION STATEMENT | |
| Edition statement | 1st ed. |
| 260 ## - PUBLICATION, DISTRIBUTION, ETC. | |
| Place of publication, distribution, etc. | Karachi : |
| Name of publisher, distributor, etc. | Jumbo Publishing, |
| Date of publication, distribution, etc. | 2008. |
| 300 ## - PHYSICAL DESCRIPTION | |
| Extent | 142 p. : |
| Other physical details | ill. (some col.); |
| Dimensions | 22 cm. |
| 526 ## - STUDY PROGRAM INFORMATION NOTE | |
| Program name | 0 |
| Interest level | 0 |
| Reading level | 0 |
| Title point value | 796_358092000000000_KHA |
| 650 #0 - SUBJECT ADDED ENTRY--TOPICAL TERM | |
| Topical term or geographic name entry element | Cricket |
| Geographic subdivision | India |
| General subdivision | History. |
| 9 (RLIN) | 7442 |
| 650 #0 - SUBJECT ADDED ENTRY--TOPICAL TERM | |
| Topical term or geographic name entry element | Cricket |
| Geographic subdivision | Pakistan |
| General subdivision | History. |
| 9 (RLIN) | 7441 |
| 942 ## - ADDED ENTRY ELEMENTS (KOHA) | |
| Source of classification or shelving scheme | |
| Koha item type | Book |
| Withdrawn status | Lost status | Source of classification or shelving scheme | Damaged status | Not for loan | Permanent Location | Current Location | Date acquired | Total Checkouts | Full call number | Barcode | Date last seen | Price effective from | Koha item type |
|---|---|---|---|---|---|---|---|---|---|---|---|---|---|
| Military College of Engineering (MCE) | Military College of Engineering (MCE) | 12/23/2015 | 796.358092 KHA | MCE-50187 | 12/23/2015 | 12/23/2015 | Book |
